Conjugaisons 2e groupe italien - Statistiques

Statistiques générales
  • Ce quiz a été pris 19 fois
  • Le résultat moyen est 30 sur 54
Statistiques - réponses
Verbe % Correct
lui, egli, esso, lei, essa, ella teme
100%
craindre temere
100%
tu temi
100%
io temo
100%
voi temete
91%
lui, egli, esso, lei, essa, ella temeva
82%
noi temevamo
82%
loro, essi, esse temevano
82%
voi temevate
82%
tu temevi
82%
io temevo
82%
noi temiamo
82%
2 Futur 2
73%
1 Imparfait 1
64%
lui, egli, esso, lei, essa, ella temerà
64%
tu temerai
64%
loro, essi, esse temeranno
64%
noi temeremo
64%
voi temerete
64%
io temerò
64%
loro, essi, esse temono
64%
3 Passé simple 3
55%
4 Impératif 4
55%
5 Subjonctif présent 5
55%
6 Subjonctif imparfait 6
55%
io tema
55%
tu tema
55%
lui, egli, esso, lei, essa, ella tema
55%
loro, essi, esse temano
55%
tu teme
55%
noi temiamo
55%
voi temiate
55%
7 Conditionnel 7
45%
8 Gérondif temendo
45%
lui, egli, esso, lei, essa, ella temerebbe
45%
io temerei
45%
noi temeremmo
45%
voi temereste
45%
tu temeresti
45%
voi temete
45%
lui, egli, esso, lei, essa, ella temè
36%
loro, essi, esse temerebbero
36%
lui, egli, esso, lei, essa, ella temesse
36%
io temessi
36%
tu temessi
36%
9 Participe passé temuto
36%
io temei
27%
noi tememmo
27%
loro, essi, esse temerono
27%
loro, essi, esse temessero
27%
noi temessimo
27%
voi temeste
27%
voi temeste
27%
tu temesti
27%
Aucun quiz correspondant
Distribution des résultats
% des personnes avec chaque résultat
Percentile par nombre de réponses
Votre historique - résultats
Vous n’avez pas pris ce quiz